Handbook of seed technology for genebanks / (Registro nro. 476)

Detalles MARC
000 -CABECERA
Campo de control 01055nam a2200301 a 4500
005 - FECHA Y HORA DE LA ULTIMA TRANSACCION
Campo de control 20171114112405.0
008 - ELEMENTOS DE LONGITUD FIJA—INFORMACION GENERAL
Campo de control 141021s1985 it a||||r|||| 00| 0 spa d
020 ## - ISBN
ISBN 9290431180 (volumen I)
020 ## - ISBN
ISBN 9190431199 (volumen II)
040 ## - FUENTE DE CATALOGACIÓN
Agencia catalogadora original CO-BoIAVH
Agencia transcriptora CO-BoIAVH
041 0# - IDIOMA
Código de idioma para texto/pista de sonido o título separado Inglés
044 ## - PAÍS DE PUBLICACIÓN
País de publicación Italia
082 04 - NUMERO DE CLASIFICACION DECIMAL DEWEY
Número de clasificación 631.5233
Número del ítem E47h
100 1# - ASIENTO PRINCIPAL--NOMBRE PERSONAL
Nombre personal Ellis, R. H.
Término relacionado autor
9 (RLIN) 27988
245 10 - MENCION DE TITULO
Título Handbook of seed technology for genebanks /
260 ## - PUBLICACION, DISTRIBUCION, ETC. (PIE DE IMPRENTA)
Lugar de publicación, distribución, etc. Roma (Italia) :
Nombre del editor, distribuidor, etc. International Board for Plant Genetic Resources,
Fecha de publicación, distribución, etc. 1985.
300 ## - DESCRIPCION FISICA
Extensión 2 volúmenes :
Otros detalles físicos ilustraciones ;
Dimensiones 30 x 22 cm.
490 0# - MENCION DE SERIE
Mención de serie Handbooks for genebanks ;
505 0# - NOTA DE CONTENIDO
Nota de contenido Vol. 1: Principles and methodology
505 0# - NOTA DE CONTENIDO
Nota de contenido Vol. 2: Compendium of specific germination information and test recommendations
650 26 - ASIENTO SECUNDARIO DE MATERIA - TERMINO TEMATICO
Término temático o nombre geográfico como elemento de entrada Conservación de la diversidad biológica
9 (RLIN) 86894
650 26 - ASIENTO SECUNDARIO DE MATERIA - TERMINO TEMATICO
Término temático o nombre geográfico como elemento de entrada Recursos genéticos
9 (RLIN) 86895
650 26 - ASIENTO SECUNDARIO DE MATERIA - TERMINO TEMATICO
Término temático o nombre geográfico como elemento de entrada Semillas
9 (RLIN) 86896
650 26 - ASIENTO SECUNDARIO DE MATERIA - TERMINO TEMATICO
Término temático o nombre geográfico como elemento de entrada Banco de genes
9 (RLIN) 8584
700 1# - ASIENTO SECUNDARIO - NOMBRE PERSONAL
Nombre personal Hong, T.D.
Término de relación autor
9 (RLIN) 27992
700 1# - ASIENTO SECUNDARIO - NOMBRE PERSONAL
Nombre personal Roberts, E.H.
Término de relación autor
9 (RLIN) 27993
942 ## - ELEMENTOS ADICIONALES (KOHA)
Tipo de ítem Libro
Sistema de clasificación Dewey Decimal Classification
Existencias
Withdrawn status Lost status Sistema de Clasificación Damaged status No para préstamo Colección Inventariado Ubicación Permanente Ubicación actual Fecha de adquisición Fuente de Valor Total Checkouts Número topográfico Inventario / Código de Barras Date last seen Ejemplar Price effective from Forma de adquisición Tipo de material
    Dewey Decimal Classification     General Inventariado 2017 Sala Fabio Quevedo Sala Fabio Quevedo 01/07/1998 Amazon   LB-631.5233 E47h 000668 04/12/2012 V. 1 Ej. 1 04/12/2012 Donación Libro
    Dewey Decimal Classification     General Inventariado 2017 Sala Fabio Quevedo Sala Fabio Quevedo 01/07/1998 Amazon   LB-631.5233 E47h 000669 04/12/2012 V. 2 Ej. 1 04/12/2012 Donación Libro